000
00314nam a2200133Ia 4500
005
20251222153544.0
008
251222s9999||||xx |||||||||||||| ||spa||
082
_a
160/G94
100
_a
Gurvitch,Georges
245
0
_a
DialĂ©ctica y SociologĂa
250
_a
1ra.ed.
264
_b
Alianza Editorial
942
_c
LIB
999
_c
30578
_d
30578